Suomen leimamerkit (Record no. 2023)

000 -LEADER
fixed length control field 00364nam a22000977a 4500
008 - FIXED-LENGTH DATA ELEMENTS--GENERAL INFORMATION
fixed length control field 160521b xxu||||| |||| 00| 0 eng d
100 ## - MAIN ENTRY--AUTHOR'S NAME
Author's Name Hellman, E. A.
245 ## - TITLE STATEMENT
Title Suomen leimamerkit
260 ## - PUBLICATION, DISTRIBUTION, ETC. (IMPRINT)
Place of publication, distribution, etc. Lappeenranta, [Finland]
Name of publisher, distributor, etc. Suomen Postimerkkilehdessa Ilmestyneen, Julkaisun Eripainos
Date of publication, distribution, etc. 1944
650 ## - TOPICAL TERM (Tag)
Topical term or geographic name Finland | Revenues | Cinderella Material | Catalogs and Price Lists
Holdings
Withdrawn status Lost status Source of classification or shelving scheme Damaged status Koha normalized classification for sorting Not for loan Permanent Location Current Location Date acquired Total Checkouts Full call number Barcode Date last seen Price effective from
        G6961 R451 H477   Northern Philatelic Library Northern Philatelic Library 05/21/2016   G6961 R451 H477 1002351 05/21/2016 05/21/2016

Powered by Koha